000 00679nam a2200241Ia 4500
003 OSt
005 20220923211615.0
006 a|||||r|||| 00| 0
007 ta
008 Pun
024 _a7,534
037 _cTextual
040 _aARTS
_cARTS
_bPun
041 _2Pun
_aPun
082 _a4, 153K2
100 _aਮਿੰਘ, ਕੁਲਦੀਪ
_9156291
245 0 _aਪੱਤਰਕਾਰੀ
260 _aਨਵੀ ਦਿੱਲੀ
_b ਪੰਜਾਬੀ ਸਾਹਿਤ ਸਭਾ਼
_c1962
300 _a229ਪੱ
_ccm.
650 _aਪੱਤਰਕਾਰਿਤਾ
942 _h4, 153K2
_cTEXL
_2CC
999 _c301375
_d301375